| 000 | 00556nam a2200217Ia 4500 | ||
|---|---|---|---|
| 001 | 12979 | ||
| 003 | GE_BSU | ||
| 008 | 181216s||||||||xx |||||||||||||| ||und|| | ||
| 020 | _a9780330434010 | ||
| 040 | _cGE_BSU | ||
| 080 | _a821.111-31 | ||
| 100 | _aMurray,Annie. | ||
| 245 | _aMiss Purdu's class. | ||
| 245 | 2 | _bA captivating novel of courage,belief and love. | |
| 260 | _aLondon. | ||
| 260 | _bPan Books. | ||
| 260 | _c2005 | ||
| 300 | _a553p;18cm. | ||
| 653 | _aMiss Purdu's class.A captivating novel of courage,belief and love. | ||
| 942 | _cBK | ||
| 999 |
_c46147 _d46147 |
||